Statistics for Adana İl Testi

Click here to take the quiz!

General Stats

  • This quiz has been taken 847 times
  • The average score is 9 of 18

Answer Stats

SoruCevap% Correct
Adana’nın plaka numarası nedir?01
100%
Bulunduğu bölgeAkdeniz Bölgesi
92%
Adana’ya özgü bir içecekŞalgam
77%
İsmini Adana’dan alan ve etten yapılan ünlü bir yemekAdana kebabı
72%
5 merkez ilçeSeyhan
72%
Muhallebi, gül şerbeti ve buzdan yapılan soğuk tatlıBici bici
71%
Adana’da bulunan iki üniversiteÇukurova Üniversitesi
70%
ABD ve Türk Hava Kuvvetleri’nin ortak kullandığı askeri NATO üssü{İncirlik} Hava Üssü
57%
5 merkez ilçeÇukurova
55%
16. yüzyıldan beri ayakta duran şehrin simge yapılarından biri{Taş}köprü
55%
5 merkez ilçeYüreğir
41%
5 merkez ilçeSarıçam
32%
Adana’daki tek havalimanıAdana Şakirpaşa Havalimanı
29%
1882 yılında yapılan Türkiye’nin en uzun saat kulesi{Büyük} Saat Kulesi
29%
Her yıl Adana’da yapılan bir festival{Altın} {Koza} Film Festivali
23%
5 merkez ilçeKaraisalı
20%
Adana’da bulunan iki üniversiteAdana Alparslan Türkeş Bilim ve Teknoloji Üniversitesi
16%
Adana bu ünlü Yeşilçam oyuncusunun memleketidirŞener Şen
14%

Score Distribution

Percentile by Number Answered

Percent of People with Each Score

Your Score History

You have not taken this quiz